000
00186 a2200097 4500
020
_a
9780448434070
041
_a
eng
100
_a
Grosset y Dunlap
245
_a
Dick and Jane
942
_c
K
999
_c
27776
_d
27776